000 01256nam a2200289 a 4500
001 BRCA_2314
005 20190320203746.0
008 200808s2007----mx-a---###---#000-0#spa-#
020 _a9789689068273
041 _aspa
044 _amx
050 4 _aZ1012
_b.C383 2007
245 1 0 _aCatálogo comentado de impresos novohispanos de la Biblioteca Palafoxiana
_bastrología y astronomía
_cbajo la coordinación de Elvia Carreño Velázquez ; investigación Adriana De León Ham, Verónica De León Ham, Miguel Ángel Romero Cora.
260 _aMéxico
_bApoyo al Desarrollo de Archivos y Bibliotecas de México
_c2007
300 _a49 p.
_bil.
_c27 cm.
504 _aBibliografía: p. 47-49
610 2 4 _aBiblioteca Palafoxiana
_vCatálogos
_xColecciones particulares
_zPuebla (México)
_96951
610 2 4 _aApoyo al Desarrollo de Archivos y Bibliotecas de México
_zCiudad de México
_96952
650 1 4 _aLibros impresos antiguos
_vCatálogos
_zPuebla (México)
_96953
650 1 4 _aImpresos novohispanos
_xAstrología
_96954
650 1 4 _aImpresos novohispanos
_xAstronomía
_96955
653 0 _aADABI
700 1 _aCarreño Velázquez, Elvia
_96956
700 1 _aLeón Ham, Adriana de
_96957
700 1 _aLeón Ham, Verónica de
_96958
942 _2lcc
_cB
999 _c2059
_d2059